00499nam a22001577a 450000500170000001000150001702000260003203500140005803700130007208200140008524500890009926000360018827000670022430000250029170000250031620221101120546.0 aENG-135250 c480.00a9789386288615 aEN-118782 bDBAD/PUB a327.54056 aContours of Relationship:bIndia and the Middle East/cEdited by Kingshuk Chatterjee aNew DelhibK W publishersc2017 bNew Delhia4676/21, First Floor, Ansari Road Daryaganje110002 axiii,159p.c23cm(Hb) aChatterjee, Kingshuk